Normal view
MARC view
Entry Personal Name
001 - CONTROL NUMBER
- control field: 722017
003 - CONTROL NUMBER IDENTIFIER
- control field:
005 - DATE AND TIME OF LATEST TRANSACTION
- control field: 20210627043708.0
008 - FIXED-LENGTH DATA ELEMENTS
- fixed length control field: 210627|| aca||aabn | a|a d
040 ## - CATALOGING SOURCE
- Original cataloging agency:
- Transcribing agency:
100 ## - HEADING--PERSONAL NAME
- Personal name: Nilsen, Tor H
670 ## - SOURCE DATA FOUND
- Source citation: Work cat.: ()594066: Nilsen, Tor H., Reconnaissance Study of Upper Cretaceous to Miocene Stratigraphic Units and Sedimentary Facies, Kodiak and Adjacent Islands, Alaska /, 1979
